| 000 | 00716nam a2200205Ii 4500 | ||
|---|---|---|---|
| 003 | JO-AjNU | ||
| 008 | 230605s9999||||xx |||||||||||||| ||und|| | ||
| 017 | _a2012/11/4147 | ||
| 040 |
_aJO-AjNU _bara _erda _cJO-AjNU |
||
| 041 | _aara | ||
| 050 | 1 | 4 | _aP92.A65.K435 2012 |
| 100 | 3 |
_aالخالدي، حازم, _eauthor _949840 |
|
| 245 | 0 | 0 | _aالفضائيات العربية وقضايانا المصيرية |
| 264 | 3 | 1 | _aعمان: وزارة الثقافة، 2012 |
| 300 |
_a196ص _bملحق ص 165-192 |
||
| 336 |
_atext _btxt _2rdacontent |
||
| 337 |
_aunmediated _bn _2rdamedia |
||
| 338 |
_avolume _bnc _2rdacarrier |
||
| 650 | 4 |
_aوسائل الاعلام- البلاد العربية- القرن 21 _949841 |
|
| 999 |
_aA21917 _c25485 _d25485 |
||